000 00351nam a2200133Ia 4500
008 220217s9999||||xx |||||||||||||| ||und||
020 _a81-7656-156-8
082 _a005.13 ZUK
100 _aZukowski, John
_93445
245 0 _aMastering java 2
260 _aBPB publications
_bNew Delhi
_c2000
300 _b499
650 _aPROGRAMMING LANGUAGE
999 _c171923
_d171923